书目信息 |
| 题名: |
西方文明的另类历史
|
|
| 作者: | 扎克斯 , Zacks 著 ;李斯 译 | |
| 分册: | ||
| 出版信息: | 海口 海南出版社 2002 |
|
| 页数: | 288页 | |
| 开本: | 21cm | |
| 丛书名: | ||
| 单 册: | ||
| 中图分类: | K105 | |
| 科图分类: | ||
| 主题词: | 西方文化--文化史 , CT--S902771--西方文化 , CT--S078527--文化史 , 世界史:通史 | |
| 电子资源: | ||
| ISBN: | 7-5443-0341-1 | |
| 000 | 01039nam0 2200313 45 | |
| 001 | 012002030990 | |
| 005 | 20031219104119.3 | |
| 010 | @a7-5443-0341-1@dCNY22.00 | |
| 100 | @a20020402d2002 kemy0chiy0110 ea | |
| 101 | 1 | @achi@ceng |
| 102 | @aCN@b460000 | |
| 105 | @aa z 000yd | |
| 106 | @ar | |
| 200 | 1 | @a西方文明的另类历史@9xi fang wen ming de ling lei li shi@e被我们忽略的真实故事@f(美)理查德·扎克斯(Richard Zacks)著@g李斯译 |
| 210 | @a海口@c海南出版社@d2002 | |
| 215 | @a288页@c图@d21cm | |
| 305 | @aArts & Licensing International,Ice授权出版 | |
| 330 | @a本书共分为10个部分:艺术及文学、商业、罪与罚、日常生活、医学、宗教、科学、性、世界史和美国史。 | |
| 510 | @aAn Underground Education | |
| 606 | 0 | @a西方文化@x文化史 |
| 606 | 0 | @2CT@3S902771@a西方文化 |
| 606 | 0 | @2CT@3S078527@a文化史 |
| 606 | 0 | @a世界史:通史 |
| 690 | @aK105@v4 | |
| 701 | 1 | @a扎克斯@9zha ke si@bR.@4著 |
| 701 | 1 | @aZacks@bRichard@4著 |
| 702 | 0 | @a李斯@9li si@4译 |
| 801 | @aCN@bTSTC@c20031201 | |
| 905 | @b329083-087@dK105@e102@f5 | |
| 西方文明的另类历史:被我们忽略的真实故事/(美)理查德·扎克斯(Richard Zacks)著/李斯译.-海口:海南出版社,2002 |
| 288页:图;21cm |
| ←并列题名:An Underground Education |
| ISBN 7-5443-0341-1:CNY22.00 |
| 本书共分为10个部分:艺术及文学、商业、罪与罚、日常生活、医学、宗教、科学、性、世界史和美国史。 |
| ● |
| 相关链接 |
|
|
|
|
正题名:西方文明的另类历史
索取号:K105/102
 
预约/预借
| 序号 | 登录号 | 条形码 | 馆藏地/架位号 | 状态 | 备注 |
| 1 | 0326599 | 203265992 | 第二借阅区/ [索取号:K105/102] | 在馆 | |
| 2 | 0326600 | 203266009 | 第二借阅区/ [索取号:K105/102] | 在馆 | |
| 3 | 0326601 | 203266018 | 第二借阅区/ [索取号:K105/102] | 在馆 | |
| 4 | 0326602 | 203266027 | 密集书库/ [索取号:K105/102] | 在馆 | |
| 5 | 0326603 | 203266036 | 第二样本阅览室/ [索取号:K105/102] | 在馆 | |
| 6 | 0329083 | 203290839 | 密集书库/ [索取号:K105/102] | 在馆 | |
| 7 | 0329084 | 203290848 | 第二借阅区/ [索取号:K105/102] | 在馆 | |
| 8 | 0329085 | 203290857 | 密集书库/ [索取号:K105/102] | 在馆 | |
| 9 | 0329086 | 203290866 | 密集书库/ [索取号:K105/102] | 在馆 | |
| 10 | 0329087 | 203290875 | 第二借阅区/ [索取号:K105/102] | 在馆 |